Demon Slayer ALL characters - Statistics

General Stats
  • This quiz has been taken 480 times
  • The average score is 21 of 99
Answer Stats
Name % Correct
Tanjiro Kamado
88%
Tanjiro Kamado
88%
Nezuko Kamado
73%
Nezuko Kamado
73%
Akaza
57%
Shinobu Kocho
55%
Giyu Tomioka
54%
Inosuke Hashibira
52%
Inosuke Hashibira
52%
Zenitsu Agatsuma
50%
Zenitsu Agatsuma
50%
Doma
48%
Muzan Kibutsuji
48%
Kokushibo
47%
Kyojuro Rengoku
47%
Mitsuri Kanroji
47%
Daki
43%
Tengen Uzui
43%
Muichiro Tokito
41%
Sanemi Shinazugawa
41%
Gyutaro
40%
Rui
40%
Obanai Iguro
39%
Kanae Kocho
38%
Gyomei Himejima
36%
Gyokko
34%
Enmu
33%
Genya Shinazugawa
33%
Hantengu
33%
Tanjuro Kamado
33%
Kanao Tsuyuri
32%
Kie Kamado
27%
Tamayo
26%
Sakonji Urokodaki
24%
Sakonji Urokodaki
24%
Kaigaku
22%
Rokuta Kamado
22%
Yushiro
21%
Hanako Kamado
19%
Nakime
19%
Takeo Kamado
19%
Shinjuro Rengoku
18%
Suma
18%
Kagaya Ubuyashiki
17%
Makio
17%
Senjuro Rengoku
17%
Shigeru Kamado
17%
Aoi Kanzaki
16%
Murata
16%
Hinatsuru
15%
Kyogai
15%
Yahaba
14%
Susamaru
13%
Yuichiro Tokito
12%
Amane Ubuyashiki
10%
Mukago
9%
Rokuro
9%
Ruka Rengoku
8%
Jigoro Kuwajima
7%
Kamanue
7%
Kiriya Ubuyashiki
7%
Wakuraba
7%
Hand Demon
6%
Spider Mother
5%
Spider Sister
5%
Goto
4%
Hotaru Haganezuka
4%
Kanata Ubuyashiki
4%
Spider Brother
4%
Spider Father
4%
Swamp Demon
4%
Temple Demon
4%
Hairo
3%
Kiyoshi
3%
Kiyo Terauchi
3%
Nichika Ubuyashiki
3%
Shoichi
3%
Slasher
3%
Sumi Nakahara
3%
Sumiyoshi
3%
Teruko
3%
Tongue Demon
3%
Fuku
2%
Hinaki Ubuyashiki
2%
Hisa
2%
Horned Demon
2%
Kozo Kanamori
2%
Naho Takada
2%
Ozaki
2%
Saburo
2%
Toyo
2%
Koinatsu
1%
Sabito Makomo
1%
Takeuchi
1%
Tecchin Tecchikawahara
1%
Tetsuido
1%
Ubume
1%
Yoriichi Tsuguikuni
1%
Omitsu
0%
No matching quizzes found
Score Distribution
Percent of People with Each Score
Percentile by Number Answered
Your Score History
You have not taken this quiz